LEC Winter 2023 roster - Statistiques

Statistiques générales
  • Ce quiz a été pris 212 fois
  • Le résultat moyen est 41 sur 50
Statistiques - réponses
Rôle Pseudo % Correct
Top Adam
96%
Jungle Bo
96%
Mid Caps
96%
ADC Hans Sama
96%
Mid Nisqy
96%
Mid Nuc
95%
Top BrokenBlade
94%
ADC Carzzy
94%
Support Mikyx
92%
Mid Perkz
92%
Jungle Sheo
92%
Mid Vetheo
92%
Jungle Yike
92%
Mid Humanoid
91%
Jungle Razork
91%
Jungle 113
90%
Jungle Jankos
90%
Jungle Elyoya
89%
Mid Larssen
89%
Top Wunder
89%
ADC Exakick
87%
Support Hylissang
87%
Top Odoamne
87%
Top Photon
87%
Support Targamas
86%
Support Trymbi
86%
ADC Comp
85%
ADC Patrik
85%
ADC Rekkles
85%
Support Labrov
84%
ADC Crownie
83%
Support Doss
82%
Jungle Malrang
82%
Top Irrelevant
80%
Top Chasy
75%
Support Kaiser
75%
ADC Neon
74%
Top Finn
73%
Top Szygenda
70%
Jungle Markoon
69%
Mid Sertuss
69%
Top Evi
65%
Jungle Xerxe
65%
Mid Dajor
63%
ADC Kobbe
63%
Support JeongHoon
56%
Support Rhuckz
54%
Mid Ruby
54%
Support Mersa
53%
ADC JackSpektra
50%
Aucun quiz correspondant
Distribution des résultats
% des personnes avec chaque résultat
Percentile par nombre de réponses
Votre historique - résultats
Vous n’avez pas pris ce quiz